000
00247nam a2200109Ia 4500
008
220204s9999 xx 000 0 und d
082
_a
82-3
_b
SCO
100
_a
Robinson, F M
245
0
_a
Prometheus crisis
700
_a
Scortia, T N
942
_c
BK
999
_c
29456
_d
29456